| 000 | 00721nac a22002051u 4500 | ||
|---|---|---|---|
| 008 | 080914t xxu||||| |||| 00| 0 eng d | ||
| 040 | _adlc | ||
| 082 |
_a320.962 _bSEA |
||
| 245 |
_aالموقف السياسي : _cإبراهيم سعده . |
||
| 260 |
_aالقاهرة : _bالهيئة المصرية العامة للكتاب ,1998. _c1998. |
||
| 300 |
_a256 ص ; _c20 سم . |
||
| 500 | _aArabic Books | ||
| 500 | _aالموزع : ألف باء | ||
| 500 | _aيحتوي علي فهارس | ||
| 511 | _aCatalogued by: Sara | ||
| 650 |
_aMasr Al Ahwal Al Seyaseya- Makalat Wa Mohadarat. _2BUEsh |
||
| 650 |
_aMasr Tarekh- Al Asr Al Hadeth- Hosney Mubarak. _2BUEsh |
||
| 651 | _2BUEsh | ||
| 942 |
_cBB _k320.962SEA _2ddc |
||
| 999 |
_c6509 _d6509 |
||